000 00400cam a2200169 4500
001 D13113
008 090401t1886 xxu||||| |||| 00| 0 eng d
035 _a(Sirsi) u7803
041 _aeng
100 _aJohnson, J.B.
245 4 _aThe theory and practice of surveying
260 _aNew York
_bJohn Wiley and Son
_c1886
350 _a0
520 _aShelf 183
942 _n0
948 _c04/03/1997
999 _c86444
_d86444